LEADER 01026nam a2200277 i 4500 001 000000036675 003 CaOOAMICUS 005 20071001000000.0 008 071001s1987 it u000 u ita u 013 $a6427 020 $a88-07-05029-3 040 $aSeMil$bita 100 1 $aFrisch, Max,$d<1911-1991>.$0(OLS)http://semarc/name/17327 245 10$aHomo Faber /$cMax Frisch ; [traduzione dal tedesco di Aloisio Rendi]. 250 $a2. Ed. 260 $aMilano :$bFeltrinelli,$c1987. 300 $a175 p. ;$c20 cm. 490 0 $aImpronte ;$v28 700 1 $aRendi, Aloisio.$0(OLS)http://semarc/name/16454 830 0$aImpronte ;$v28.$0(OLS)http://semarc/title/7298 850 $aSeMil 852 $aSeMil$W1$xVenegono$y1$m1O I 160$j2830$B2830$CSeMilBibl$Z2$F2830 $81 961 $aOmaggio: Agenzia internazionale 996 $6020$a88-07-05029-3$9(OLS)http://semarc/number/5420 996 $6245$aHomo Faber$9(OLS)http://semarc/title/50914 996 $6260$aMilano :$bFeltrinelli$9(OLS)http://semarc/publisher/30237 LEADER 00840nam a2200229 i 4500 001 000000123275 003 CaOOAMICUS 005 20040219000000.0 008 040219s1975 it u000 u ita u 013 $a95971 040 $aSeMil$bita 100 1 $aFerrone, Siro.$0(OLS)http://semarc/name/7243 245 10$aCarlo Goldoni /$cSiro Ferrone. 260 $aFirenze :$bLa Nuova Italia,$c1975. 300 $a149 p. ;$c20 cm. 500 $aContiene : Bibliografia. 600 14$aGoldoni, Carlo <1707-1793>.$0(OLS)http://semarc/subject/7767 850 $aSeMil 852 $aSeMil$W1$xVenegono$y1$m64 8 24 *$j78022$B78022$CSeMilBibl$Z2$F80257 $81 961 $aRecupero: Biblioteca Seminario Liceale 996 $6245$aCarlo Goldoni$9(OLS)http://semarc/title/180537 996 $6260$aFirenze :$bLa Nuova Italia$9(OLS)http://semarc/publisher/30055